[Event "Sydney International Open"]
[Site "Parramatta, NSW"]
[Date "2009.04.18"]
[Round "8.33"]
[White "Ruan, Jack"]
[Black "Cunanan, Kimberly Jane"]
[Result "0-1"]
[WhiteElo "1886"]
[BlackElo "1991"]
[PlyCount "98"]
[EventDate "2009.04.15"]
[EventType "swiss"]
[EventRounds "9"]
[EventCountry "AUS"]
[SourceDate "2009.04.15"]

1. d4 Nf6 2. c4 e6 3. Nc3 b6 4. Nf3 Bb7 5. e3 Be7 6. Be2 O-O 7. O-O d6 8. b3
Nbd7 9. Bb2 a6 10. Qc2 c5 11. Rfd1 Re8 12. Rac1 Qc7 13. e4 cxd4 14. Nxd4 Rac8
15. f4 Nc5 16. Bf3 Bf8 17. Re1 Ncd7 18. Kh1 h6 19. Qe2 Red8 20. f5 Re8 21. fxe6
fxe6 22. Qd2 Ne5 23. Bd1 Qf7 24. Nf3 Nfd7 25. Nxe5 Nxe5 26. Na4 Nd7 27. Bf3 Qg6
28. Ba3 Red8 29. Rcd1 Bc6 30. Bxd6 Bxa4 31. bxa4 Ne5 32. Qb4 a5 33. Qc3 Nxf3
34. gxf3 Rxd6 35. Rxd6 Bxd6 36. Rg1 Qf7 37. e5 Bb4 38. Qd3 Rf8 39. Rf1 Qf5 40.
Qe3 Bc5 41. Qc3 Rd8 42. Qe1 Rd3 43. Qg3 Bd4 44. Qg4 Qxg4 45. fxg4 Rc3 46. Rd1
Bc5 47. Rd2 Rxc4 48. Kg2 Re4 49. Kf3 Rc4 0-1

[Event "Sydney International Open"]
[Site "Parramatta, NSW"]
[Date "2009.04.18"]
[Round "8.34"]
[White "Stojic, Svetozar"]
[Black "Setiabudi, Allen"]
[Result "0-1"]
[WhiteElo "1989"]
[BlackElo "1843"]
[PlyCount "56"]
[EventDate "2009.04.15"]
[EventType "swiss"]
[EventRounds "9"]
[EventCountry "AUS"]
[SourceDate "2009.04.15"]

1. e4 c5 2. Nf3 e6 3. d4 cxd4 4. Nxd4 a6 5. Nc3 Qc7 6. Be2 Nf6 7. O-O Nc6 8.
Be3 Bb4 9. Na4 O-O 10. Nxc6 bxc6 11. f4 d5 12. Nb6 Rb8 13. Nxc8 Qxc8 14. exd5
cxd5 15. Bd4 Bc5 16. b3 Ne4 17. Kh1 Bxd4 18. Qxd4 f5 19. c4 Rd8 20. Rfd1 Qc7
21. Rf1 a5 22. Rac1 dxc4 23. Qxc4 Qb6 24. Qc6 Nf2+ 25. Rxf2 Qxf2 26. Qxe6+ Kh8
27. Bf3 Re8 28. Qxf5 Re1+ 0-1

[Event "Sydney International Open"]
[Site "Parramatta, NSW"]
[Date "2009.04.18"]
[Round "8.36"]
[White "Encel, Benjamin"]
[Black "Descallar, Levi"]
[Result "0-1"]
[WhiteElo "1838"]
[BlackElo "1984"]
[PlyCount "48"]
[EventDate "2009.04.15"]
[EventType "swiss"]
[EventRounds "9"]
[EventCountry "AUS"]
[SourceDate "2009.04.15"]

1. e4 c6 2. d4 d5 3. exd5 cxd5 4. Bd3 Nf6 5. Bf4 e6 6. Nf3 Bd6 7. Bxd6 Qxd6 8.
O-O O-O 9. Ne5 Nc6 10. Nxc6 bxc6 11. Re1 Rb8 12. b3 c5 13. c3 cxd4 14. cxd4 Ba6
15. Qe2 Bxd3 16. Qxd3 Rfc8 17. Nc3 Rb4 18. Na4 Qf4 19. Rad1 Ng4 20. Qd2 Qxh2+
21. Kf1 Rbb8 22. Ke2 Qxg2 23. Qf4 Nxf2 24. Rg1 Nh3+ 0-1

[Event "Sydney International Open"]
[Site "Parramatta, NSW"]
[Date "2009.04.18"]
[Round "8.37"]
[White "Smirnov, Anton"]
[Black "Davis, Tony"]
[Result "1/2-1/2"]
[WhiteElo "1495"]
[BlackElo "1983"]
[PlyCount "63"]
[EventDate "2009.04.15"]
[EventType "swiss"]
[EventRounds "9"]
[EventCountry "AUS"]
[SourceDate "2009.04.15"]

1. e4 e6 2. d4 d5 3. exd5 exd5 4. c4 Bb4+ 5. Nc3 Qe7+ 6. Be3 Nf6 7. c5 c6 8. a3
Bxc3+ 9. bxc3 O-O 10. Be2 Nbd7 11. Nf3 Re8 12. h3 Ne4 13. Qc2 Ng3 14. fxg3 Qxe3
15. Qd2 Qe7 16. Kf2 Nf6 17. Bd3 Ne4+ 18. Bxe4 dxe4 19. Ne5 b6 20. cxb6 axb6 21.
Rhe1 Ba6 22. Kg1 Qc7 23. Qf4 f6 24. Ng4 Qxf4 25. gxf4 Re7 26. Ne3 Bd3 27. Ra2
Rea7 28. Rea1 Ra5 29. Kf2 Rb5 30. Nd1 Bc4 31. Rb2 Bb3 32. Ne3 1/2-1/2

[Event "Sydney International Open"]
[Site "Parramatta, NSW"]
[Date "2009.04.18"]
[Round "8.38"]
[White "Hursky, Karel"]
[Black "Lee, Bryan"]
[Result "1/2-1/2"]
[WhiteElo "2084"]
[BlackElo "1918"]
[PlyCount "45"]
[EventDate "2009.04.15"]
[EventType "swiss"]
[EventRounds "9"]
[EventCountry "AUS"]
[SourceDate "2009.04.15"]

1. e4 c5 2. a3 d6 3. b4 Nf6 4. Nc3 e6 5. Nf3 Be7 6. d4 cxd4 7. Nxd4 O-O 8. Bd3
Nc6 9. Nxc6 bxc6 10. O-O a5 11. b5 cxb5 12. Nxb5 Ba6 13. a4 d5 14. e5 Nd7 15.
Qe2 Nc5 16. Ba3 Nxd3 17. cxd3 Bxb5 18. axb5 Bxa3 19. Rxa3 Qb6 20. Rb1 h6 21.
Qe3 Rfb8 22. Ra4 Kf8 23. Kf1 1/2-1/2

[Event "Sydney International Open"]
[Site "Parramatta, NSW"]
[Date "2009.04.18"]
[Round "8.39"]
[White "Wang, Oscar"]
[Black "Tan, Kevin"]
[Result "0-1"]
[WhiteElo "1910"]
[BlackElo "1956"]
[PlyCount "142"]
[EventDate "2009.04.15"]
[EventType "swiss"]
[EventRounds "9"]
[EventCountry "AUS"]
[SourceDate "2009.04.15"]

1. e4 e6 2. d4 d5 3. e5 c5 4. c3 Nc6 5. Nf3 Bd7 6. Be2 cxd4 7. cxd4 Nge7 8. O-O
Nf5 9. b3 Bb4 10. Bb2 O-O 11. Na3 a6 12. Nc2 Be7 13. Qd2 Qb6 14. Ne3 Nxe3 15.
Qxe3 Rac8 16. a3 Rc7 17. Rac1 Rfc8 18. g3 Na5 19. b4 Nc4 20. Qb3 Qc6 21. Rc3
Qa4 22. Qxa4 Bxa4 23. Bc1 Nxe5 24. Rxc7 Nxf3+ 25. Bxf3 Rxc7 26. Be3 Bb5 27. Rc1
Rxc1+ 28. Bxc1 Kf8 29. Bd1 Ke8 30. f4 Kd7 31. Kf2 Kc6 32. Ke3 Kb6 33. Bc2 h6
34. Kd2 a5 35. Kc3 axb4+ 36. axb4 Kc6 37. Bb2 Bc4 38. Ba4+ b5 39. Bc2 Bd6 40.
Bc1 Kd7 41. Be3 Ke7 42. Bb1 f6 43. Bc2 e5 44. Bd1 g5 45. f5 exd4+ 46. Bxd4 Be5
47. Bf3 Kd6 48. Bh5 Bf1 49. Be8 Be2 50. Bg6 Ke7 51. Bh7 Bh5 52. Bg8 Bf7 53.
Bxf7 Kxf7 54. Kd3 g4 55. Be3 h5 56. Bh6 Ke7 57. Be3 Kd6 58. Bc5+ Kc6 59. Be3
Ba1 60. Bf4 d4 61. Ke4 Bc3 62. Bh6 Bxb4 63. Kxd4 Bd6 64. Bg7 Be5+ 65. Kd3 Kd5
66. Bh6 Bd4 67. Bd2 Bg1 68. Bc3 Bxh2 69. Bxf6 Bxg3 70. Bd4 h4 71. f6 Bd6 0-1

[Event "Sydney International Open"]
[Site "Parramatta, NSW"]
[Date "2009.04.18"]
[Round "8.40"]
[White "Jule, Alexandra"]
[Black "Guo, Emma"]
[Result "1-0"]
[WhiteElo "1928"]
[BlackElo "1845"]
[PlyCount "59"]
[EventDate "2009.04.15"]
[EventType "swiss"]
[EventRounds "9"]
[EventCountry "AUS"]
[SourceDate "2009.04.15"]

1. d4 Nf6 2. Nf3 g6 3. g3 Bg7 4. Bg2 d6 5. O-O Nbd7 6. c4 c5 7. Nc3 cxd4 8.
Nxd4 O-O 9. h3 a6 10. Be3 Ne5 11. b3 Qc7 12. Rc1 Rb8 13. f4 Nc6 14. Nd5 Qd7 15.
Bf2 Nxd5 16. cxd5 Nxd4 17. Bxd4 b5 18. Bxg7 Kxg7 19. Qd4+ Kg8 20. Kh2 Bb7 21.
e4 Rfc8 22. g4 Rc7 23. Rxc7 Qxc7 24. f5 Qd8 25. f6 Rc8 26. e5 dxe5 27. Qxe5
exf6 28. Rxf6 Rc2 29. Rd6 Qb8 30. Rxg6+ 1-0

[Event "Sydney International Open"]
[Site "Parramatta, NSW"]
[Date "2009.04.18"]
[Round "8.41"]
[White "Grigg, Sam"]
[Black "Anton, Sarah"]
[Result "1-0"]
[WhiteElo "1927"]
[BlackElo "1718"]
[PlyCount "33"]
[EventDate "2009.04.15"]
[EventType "swiss"]
[EventRounds "9"]
[EventCountry "AUS"]
[SourceDate "2009.04.15"]

1. c4 e5 2. Nc3 d6 3. g3 f5 4. Bg2 Nf6 5. e3 c6 6. d4 Nbd7 7. Nge2 Be7 8. O-O
O-O 9. e4 fxe4 10. Nxe4 exd4 (10... Nxe4 11. Bxe4 Nf6 12. Bg2) 11. Ng5 Ne5 12.
Nxd4 Qb6 13. Nde6 Re8 14. Re1 Nfg4 (14... h6 15. Be3 (15. c5)) 15. c5 dxc5 16.
Rxe5 Nxe5 17. Qh5 1-0

[Event "Sydney International Open"]
[Site "Parramatta, NSW"]
[Date "2009.04.18"]
[Round "8.42"]
[White "Rachmadi, Herman"]
[Black "Forster, Bill"]
[Result "0-1"]
[WhiteElo "1842"]
[BlackElo "1963"]
[PlyCount "80"]
[EventDate "2009.04.15"]
[EventType "swiss"]
[EventRounds "9"]
[EventCountry "AUS"]
[SourceDate "2009.04.15"]

1. d4 Nf6 2. c4 e6 3. Nc3 Bb4 4. Qc2 Nc6 5. Nf3 O-O 6. Bg5 h6 7. Bh4 b6 8. e3
Bb7 9. Be2 a6 10. g4 Na5 11. a3 Be4 12. Qxe4 Bxc3+ 13. bxc3 Nxe4 14. Bxd8 Rfxd8
15. Rc1 b5 16. Bd3 Nf6 17. cxb5 axb5 18. e4 Nb3 19. Rb1 Rxa3 20. O-O Rda8 21.
Rfe1 c6 22. h3 Kf8 23. Kg2 Ke7 24. Rb2 Na5 25. Rc1 Nb7 26. Ne5 Ra2 27. Rcb1
Rxb2 28. Rxb2 Nd6 29. Nxc6+ dxc6 30. e5 Ra3 31. exf6+ Kxf6 32. Rc2 b4 33. f3
Rxc3 34. Rxc3 bxc3 35. Kf2 Kg5 36. Ke3 Kh4 37. Bc2 Kxh3 38. Kd3 Nb5 39. Bd1 Kg3
40. Kc4 c2 0-1

[Event "Sydney International Open"]
[Site "Parramatta, NSW"]
[Date "2009.04.18"]
[Round "8.43"]
[White "Rosario, Amiel"]
[Black "Ruan, Harry"]
[Result "1/2-1/2"]
[WhiteElo "1969"]
[BlackElo "1815"]
[Annotator "Pollard,Bruce"]
[PlyCount "105"]
[EventDate "2009.04.15"]
[EventType "swiss"]
[EventRounds "9"]
[EventCountry "AUS"]
[SourceDate "2009.04.15"]

1. d4 d5 2. e4 dxe4 3. Nc3 Nf6 4. f3 exf3 5. Nxf3 e6 6. Bd3 c5 7. Bg5 cxd4 8.
Nxd4 Be7 9. Nf3 O-O 10. Qe2 Nc6 11. O-O-O Qa5 12. h4 a6 13. Rdg1 b5 14. Bxf6
Bxf6 15. Qe4 g6 16. Qxc6 Rb8 17. Ne4 (17. Nd5 $142 $1 Bg7 18. Ne7+ Kh8 19. h5
Qxa2 20. hxg6 h6 21. gxf7 (21. Ng5 Qxb2+ 22. Kd1 Qf6 23. Nxf7+ Rxf7 24. gxf7
Qxf7 25. Qe4 Bf8 26. Qe5+ Bg7 27. Rxh6#) 21... Qxb2+ 22. Kd1 $18 Rxf7 23. Qe8+)
17... Bg7 18. h5 Qxa2 19. hxg6 Qxb2+ 20. Kd2 hxg6 21. Qc7 Bb7 22. Rb1 Qa3 23.
Rb3 Qa4 24. Nc5 Qg4 25. Qh2 Rfd8 26. Nxb7 Rxb7 27. Kc1 a5 28. Qh4 Qxh4 29. Rxh4
b4 30. Kb1 Rdb8 31. Bc4 Bc3 32. Ka2 a4 33. Rb1 Ra7 34. Rbh1 b3+ 35. Kb1 a3 36.
cxb3 a2+ 37. Kc2 a1=Q 38. Rxa1 Bxa1 39. Kd3 Rd8+ 40. Ke4 Ra2 41. g4 Kg7 42. Rh1
Bc3 43. g5 Ra1 44. Rh2 Rad1 45. Ra2 Bb4 46. Ra7 R1d7 47. Ra4 Be7 48. Ra5 Rh8
49. Ne5 Rc7 50. Nf3 Rd7 51. Ne5 Rc7 52. Nf3 Rd7 53. Ne5 1/2-1/2

[Event "Sydney International Open"]
[Site "Parramatta, NSW"]
[Date "2009.04.18"]
[Round "8.44"]
[White "Tsagarakis, Angelo"]
[Black "Ousmand, Nizami"]
[Result "1-0"]
[WhiteElo "1919"]
[BlackElo "1575"]
[PlyCount "115"]
[EventDate "2009.04.15"]
[EventType "swiss"]
[EventRounds "9"]
[EventCountry "AUS"]
[SourceDate "2009.04.15"]

1. d4 Nf6 2. Bf4 g6 3. Nf3 Bg7 4. h3 b6 5. e3 Bb7 6. Be2 d6 7. O-O O-O 8. c4
Nbd7 9. Nc3 Nh5 10. Bh2 c5 11. d5 Nhf6 12. Qc2 Ne8 13. Rad1 Nc7 14. Rfe1 Nf6
15. e4 Nd7 16. Bf1 Ne5 17. Nxe5 dxe5 18. Rd3 Ne8 19. b3 Nd6 20. f3 a6 21. Qb2
b5 22. cxb5 axb5 23. Rdd1 Qb6 24. Kh1 Rfc8 25. Rc1 Qa5 26. a4 Bh6 27. Rc2 bxa4
28. bxa4 Bg7 29. Rcc1 f5 30. Nb5 Ba6 31. Bxe5 Bh6 32. Bc3 Bxc1 33. Qxc1 Qxa4
34. Nxd6 exd6 35. Bxa6 Rxa6 36. exf5 Qd7 37. f6 Rb6 38. Qh6 Rb7 39. h4 Qf5 40.
Re2 Rf7 41. Qd2 Rb8 42. Re4 Rfb7 43. Kh2 Rf7 44. Qd1 Qh5 45. Kh3 Qf5+ 46. g4
Qd7 47. Qd2 Rb3 48. Re6 Rb1 49. Kg3 Rb6 50. h5 Rb7 51. hxg6 hxg6 52. Qh6 Qd8
53. Qxg6+ Kh8 54. Re1 Rg7 55. fxg7+ Kg8 56. Re8+ Qxe8 57. Qxe8+ Kh7 58. g8=Q+
1-0

[Event "Sydney International Open"]
[Site "Parramatta, NSW"]
[Date "2009.04.18"]
[Round "8.45"]
[White "Zamahari, Abang Draup"]
[Black "Ousmand, Vineths"]
[Result "0-1"]
[WhiteElo "1636"]
[BlackElo "1331"]
[PlyCount "94"]
[EventDate "2009.04.15"]
[EventType "swiss"]
[EventRounds "9"]
[EventCountry "AUS"]
[SourceDate "2009.04.15"]

1. d4 Nf6 2. c4 g6 3. Nc3 Bg7 4. e3 O-O 5. Bd3 d6 6. b3 e5 7. dxe5 dxe5 8. Bb2
Nfd7 9. Qc2 Nc6 10. a3 Qg5 11. g3 Nc5 12. h4 Nxd3+ 13. Qxd3 Qg4 14. Qe2 Qe6 15.
O-O-O Bd7 16. Nf3 Na5 17. Qc2 Qc6 18. Nd5 Rfe8 19. Nd2 b6 20. f3 Be6 21. e4
Bxd5 22. exd5 Qf6 23. Rde1 Bh6 24. Rhf1 Bxd2+ 25. Kxd2 Qd6 26. Qc3 f6 27. Re2
c6 28. b4 Nb7 29. Qd3 Rad8 30. Rfe1 cxd5 31. Qxd5+ Qxd5+ 32. cxd5 Rxd5+ 33. Kc2
Nd6 34. f4 Nc4 35. fxe5 fxe5 36. Bc1 Rc8 37. Kb3 Rd3+ 38. Ka4 a6 39. b5 Nd6 40.
Re4 Nxe4 41. Rxe4 Rxc1 42. bxa6 Rd4+ 43. Rxd4 exd4 44. a7 Rc8 45. Kb5 d3 46.
Kxb6 d2 47. Kb7 Re8 0-1

[Event "Sydney International Open"]
[Site "Parramatta, NSW"]
[Date "2009.04.18"]
[Round "8.46"]
[White "Jule, Sebastian"]
[Black "Lau, Joshua"]
[Result "1-0"]
[WhiteElo "1847"]
[BlackElo "1862"]
[PlyCount "109"]
[EventDate "2009.04.15"]
[EventType "swiss"]
[EventRounds "9"]
[EventCountry "AUS"]
[SourceDate "2009.04.15"]

1. d4 d5 2. c4 c6 3. cxd5 cxd5 4. Nc3 Nf6 5. Bf4 Nc6 6. e3 Bf5 7. Qb3 Qd7 8.
Nf3 e6 9. Ne5 Qc8 10. Bb5 a6 11. Bxc6+ bxc6 12. Qa4 Be7 13. Qxc6+ Qxc6 14. Nxc6
Rc8 15. Nxe7 Kxe7 16. Ke2 Ne4 17. Rhc1 Rc4 18. Nxe4 Bxe4 19. f3 Bg6 20. b3 Rcc8
21. Rc5 Rxc5 22. dxc5 Kd7 23. Kd2 Kc6 24. Bd6 Rd8 25. Kc3 Rd7 26. Rd1 Rb7 27.
Rd4 Ra7 28. Rb4 Rb7 29. Rxb7 Kxb7 30. Bf8 Kc6 31. Kd4 Bb1 32. a3 g5 33. Ke5 h5
34. Kf6 g4 35. fxg4 hxg4 36. h4 Bg6 37. Kg5 Be4 38. g3 f5 39. Bd6 f4 40. Kxf4
Bf5 41. h5 a5 42. h6 Kd7 43. Ke5 Bh7 44. Kf6 Bf5 45. Kg7 Bc2 46. h7 Bxh7 47.
Kxh7 Kc6 48. Kg6 e5 49. Bxe5 Kxc5 50. Kg5 Kb5 51. Kxg4 a4 52. bxa4+ Kxa4 53.
Kf5 Kxa3 54. Ke6 Kb4 55. Kxd5 1-0

[Event "Sydney International Open"]
[Site "Parramatta, NSW"]
[Date "2009.04.18"]
[Round "8.47"]
[White "Yu, Sally"]
[Black "Brockman, Roland"]
[Result "1-0"]
[WhiteElo "1819"]
[BlackElo "1764"]
[PlyCount "99"]
[EventDate "2009.04.15"]
[EventType "swiss"]
[EventRounds "9"]
[EventCountry "AUS"]
[SourceDate "2009.04.15"]

1. e4 Nf6 2. e5 Nd5 3. d4 d6 4. c4 Nb6 5. exd6 exd6 6. Nc3 Be7 7. Bd3 N8d7 8.
Nge2 Nf6 9. O-O O-O 10. Ng3 Re8 11. Nce4 Nxe4 12. Nxe4 Nd7 13. Qf3 Nf6 14. Ng5
g6 15. Re1 h6 16. Ne4 Nxe4 17. Bxe4 Bf8 18. Bd2 c6 19. b4 Bg7 20. Bc3 Bd7 21.
Rab1 a6 22. d5 f5 23. dxc6 fxe4 24. cxd7 Re7 25. Qg3 Bxc3 26. Qxc3 Qxd7 27.
Rbd1 Rd8 28. Qd4 Qe6 29. Re3 Qe5 30. f3 Qxd4 31. Rxd4 Kf7 32. Rdxe4 Rxe4 33.
Rxe4 Rc8 34. a4 a5 35. b5 Rc5 36. Kf2 d5 37. cxd5 Rxd5 38. Ke3 Rd1 39. Rd4 Re1+
40. Kd3 Re7 41. Kc4 Rc7+ 42. Kd5 Rd7+ 43. Kc5 b6+ 44. Kc4 Rc7+ 45. Kd5 Rd7+ 46.
Ke5 Re7+ 47. Kd6 Re6+ 48. Kc7 Kf8 49. Rd6 Re7+ 50. Kxb6 1-0

[Event "Sydney International Open"]
[Site "Parramatta, NSW"]
[Date "2009.04.18"]
[Round "8.48"]
[White "Wan, Kinto"]
[Black "Draup, Hj Abang Azman"]
[Result "1-0"]
[WhiteElo "1402"]
[BlackElo "1725"]
[PlyCount "55"]
[EventDate "2009.04.15"]
[EventType "swiss"]
[EventRounds "9"]
[EventCountry "AUS"]
[SourceDate "2009.04.15"]

1. e4 a6 2. d4 b5 3. c4 Bb7 4. Qc2 bxc4 5. Bxc4 e6 6. Nc3 c5 7. d5 Nf6 8. Bg5
h6 9. Bh4 g5 10. Bg3 Nh5 11. Nge2 Nxg3 12. Nxg3 h5 13. e5 Bg7 14. O-O Bxe5 15.
Rfe1 Bxc3 16. bxc3 O-O 17. Rf1 a5 18. a4 Ba6 19. Bb5 Qe7 20. Qe2 f6 21. Qxh5
Kg7 22. Rae1 Bxb5 23. axb5 Rh8 24. Qf3 f5 25. d6 Qxd6 26. Rd1 Qb6 27. Qxa8 Nc6
28. Rxd7+ 1-0

[Event "Sydney International Open"]
[Site "Parramatta, NSW"]
[Date "2009.04.18"]
[Round "8.49"]
[White "McKenzie, Mark"]
[Black "Barisic, Frank"]
[Result "0-1"]
[WhiteElo "1203"]
[BlackElo "1615"]
[PlyCount "68"]
[EventDate "2009.04.15"]
[EventType "swiss"]
[EventRounds "9"]
[EventCountry "AUS"]
[SourceDate "2009.04.15"]

1. d4 Nf6 2. c4 e6 3. Nc3 Bb4 4. Qc2 Nc6 5. Nf3 d5 6. Bg5 h6 7. Bxf6 Qxf6 8.
O-O-O dxc4 9. e4 Bxc3 10. bxc3 b5 11. e5 Qe7 12. Qb2 a6 13. d5 exd5 14. Rxd5
Be6 15. Rd1 O-O 16. g4 Bxg4 17. Bg2 Rad8 18. Rxd8 Rxd8 19. h3 Bxf3 20. Bxf3
Nxe5 21. Be2 Qc5 22. Rf1 Nd3+ 23. Bxd3 Rxd3 24. Re1 Qg5+ 25. Kb1 Rd2 26. Qa3
Qg6+ 27. Ka1 Rxf2 28. Re8+ Kh7 29. Qf8 Rf1+ 30. Kb2 Qb1+ 31. Ka3 Rf2 32. Qg8+
Kg6 33. Re6+ fxe6 34. Qxe6+ Kh7 0-1

[Event "Sydney International Open"]
[Site "Parramatta, NSW"]
[Date "2009.04.19"]
[Round "9.1"]
[White "Johansen, Darryl"]
[Black "Zhao, Zong Yuan"]
[Result "1/2-1/2"]
[WhiteElo "2452"]
[BlackElo "2583"]
[PlyCount "204"]
[EventDate "2009.04.15"]
[EventType "swiss"]
[EventRounds "9"]
[EventCountry "AUS"]
[SourceDate "2009.04.15"]

1. c4 e5 2. Nc3 Nc6 3. Nf3 f5 4. d4 e4 5. Bg5 Nf6 6. Nd2 h6 7. Bxf6 Qxf6 8. e3
d6 9. Be2 g6 10. g4 Bg7 11. gxf5 Bxf5 12. Ncxe4 Qh4 13. Ng3 O-O 14. Nf3 Qe7 15.
Nxf5 Rxf5 16. Rg1 g5 17. Qb3 Raf8 18. O-O-O Rxf3 19. Bxf3 Rxf3 20. Qxb7 Qe4 21.
Rgf1 a5 22. a3 Rf7 23. Rd2 g4 24. Rc2 Qf3 25. Qc8+ Kh7 26. Rd1 h5 27. Qe8 Ne7
28. Qb5 Qf5 29. Qxf5+ Nxf5 30. b4 axb4 31. axb4 Bh6 32. c5 h4 33. Re2 g3 34.
hxg3 hxg3 35. fxg3 Nxe3 36. Rh1 Nf5+ 37. Kb2 Nxg3 38. Rxh6+ Kxh6 39. Re6+ Kg5
40. cxd6 cxd6 41. Rxd6 Nf5 42. Rd8 Kf4 43. Kc3 Ke4 44. Re8+ Kd5 45. Re5+ Kd6
46. b5 Ne7 47. Rh5 Nd5+ 48. Kb3 Rf3+ 49. Kc2 Rc3+ 50. Kd2 Rb3 51. Rh6+ Kc7 52.
Rc6+ Kb7 53. Rc5 Nb4 54. Ke2 Kb6 55. Rc8 Kxb5 56. d5 Nxd5 57. Kd2 Nb6 58. Rc7
Kb4 59. Ke2 Ra3 60. Kf2 Na4 61. Rb7+ Kc4 62. Ra7 Kb5 63. Kg2 Rd3 64. Kf2 Nc3
65. Rc7 Kb4 66. Kg2 Kb3 67. Rf7 Kc4 68. Rf4+ Kd5 69. Rf8 Ke5 70. Kf2 Ne4+ 71.
Ke2 Rd7 72. Ra8 Ng3+ 73. Kf2 Rd3 74. Rf8 Ra3 75. Rb8 Kf4 76. Rf8+ Nf5 77. Ke2
Re3+ 78. Kd2 Re5 79. Kd3 Rc5 80. Rf7 Ke5 81. Rf8 Nd6 82. Rh8 Rd5+ 83. Kc3 Ne4+
84. Kc4 Rd4+ 85. Kb3 Rd7 86. Kc4 Rc7+ 87. Kb4 Kd5 88. Rd8+ Nd6 89. Kb3 Rc6 90.
Rh8 Kd4 91. Rh4+ Ne4 92. Kb2 Rg6 93. Kb3 Rg8 94. Kb2 Kd3 95. Rh3+ Ng3 96. Kb3
Rg4 97. Rh8 Ne2 98. Rh3+ Kd2 99. Rh8 Nc1+ 100. Ka3 Rc4 101. Rh2+ Kc3 102. Rc2+
Kxc2 1/2-1/2

[Event "Sydney International Open"]
[Site "Parramatta, NSW"]
[Date "2009.04.19"]
[Round "9.2"]
[White "Sriram, Jha"]
[Black "Jones, Gawain"]
[Result "0-1"]
[WhiteElo "2453"]
[BlackElo "2550"]
[PlyCount "122"]
[EventDate "2009.04.15"]
[EventType "swiss"]
[EventRounds "9"]
[EventCountry "AUS"]
[SourceDate "2009.04.15"]

1. d4 Nf6 2. c4 g6 3. g3 Bg7 4. Bg2 O-O 5. Nf3 d6 6. O-O Nbd7 7. Nc3 e5 8. Qc2
Re8 9. Rd1 c6 10. e4 Qe7 11. b3 a6 12. d5 cxd5 13. Nxd5 Nxd5 14. cxd5 a5 15.
Ba3 Bf8 16. Bf1 b6 17. Bb5 Ba6 18. Bxa6 Rxa6 19. Qe2 Ra7 20. Rac1 Nc5 21. Nd2
Bh6 22. Rc2 Bxd2 23. Rdxd2 Qd7 24. Qe3 f5 25. exf5 Qxf5 26. Rc4 Rf8 27. Bxc5
bxc5 28. Ra4 Rb8 29. f4 Rf7 30. Rf2 Rbf8 31. Rxa5 exf4 32. Rxf4 Qxd5 33. Raa4
g5 34. Rxf7 Rxf7 35. Re4 Qf5 36. Qe2 Qf6 37. Kg2 Kg7 38. h4 h6 39. hxg5 hxg5
40. Re6 Qd4 41. Qe3 Qxe3 42. Rxe3 Ra7 43. a4 Kf6 44. Kf3 d5 45. Ke2 d4 46. Rf3+
Ke5 47. Kd3 c4+ 48. bxc4 Rxa4 49. g4 Ra3+ 50. Ke2 Ra1 51. Rf5+ Ke4 52. Rxg5 d3+
53. Kd2 Ra2+ 54. Kd1 Ke3 55. Re5+ Kd4 56. Rd5+ Kc3 57. Ke1 Ra1+ 58. Kf2 d2 59.
c5 d1=Q 60. Rxd1 Rxd1 61. Ke3 Kc4 0-1

[Event "Sydney International Open"]
[Site "Parramatta, NSW"]
[Date "2009.04.19"]
[Round "9.3"]
[White "Kunte, Abhijit"]
[Black "Ghane Gardeh, Shojaat"]
[Result "1-0"]
[WhiteElo "2513"]
[BlackElo "2415"]
[PlyCount "109"]
[EventDate "2009.04.15"]
[EventType "swiss"]
[EventRounds "9"]
[EventCountry "AUS"]
[SourceDate "2009.04.15"]

1. d4 Nf6 2. c4 e6 3. Nc3 Bb4 4. e3 b6 5. Nge2 Bb7 6. a3 Bxc3+ 7. Nxc3 O-O 8.
Bd3 d5 9. O-O Nbd7 10. cxd5 exd5 11. b4 c5 12. bxc5 bxc5 13. Rb1 Rb8 14. Be2 c4
15. e4 Bc6 16. Rxb8 Qxb8 17. e5 Ne8 18. a4 Qb4 19. Bd2 Qb7 20. Qa1 Nc7 21. Rb1
Qa6 22. Qa3 Ne6 23. Qd6 Nxd4 24. Bg4 Qc8 25. Nxd5 Bxd5 26. Qxd5 Ne6 27. Be3 c3
28. Bxe6 fxe6 29. Qxe6+ Kh8 30. Rc1 Re8 31. Rxc3 Qd8 32. Qd6 Nxe5 33. Qxd8 Rxd8
34. h3 a6 35. Rc5 Nd3 36. Rc6 Nb4 37. Rb6 a5 38. Rb5 Nc6 39. Rc5 Rd6 40. Bf4
Re6 41. Bd2 h6 42. Bxa5 Nxa5 43. Rxa5 Re1+ 44. Kh2 Ra1 45. h4 Kg8 46. h5 Ra3
47. f3 Kf7 48. Kg3 Ra2 49. Rf5+ Ke6 50. Rf4 Rc2 51. Kh3 Rc5 52. g4 Rc3 53. Rf5
Ra3 54. a5 Ra4 55. Kg3 1-0

[Event "Sydney International Open"]
[Site "Parramatta, NSW"]
[Date "2009.04.19"]
[Round "9.4"]
[White "Akshayraj, Kore"]
[Black "Deepan Chakkravarthy, J."]
[Result "1/2-1/2"]
[WhiteElo "2404"]
[BlackElo "2482"]
[PlyCount "118"]
[EventDate "2009.04.15"]
[EventType "swiss"]
[EventRounds "9"]
[EventCountry "AUS"]
[SourceDate "2009.04.15"]

1. e4 c5 2. Nc3 d6 3. Nge2 Nc6 4. d4 cxd4 5. Nxd4 Nf6 6. Bg5 e6 7. Qd2 a6 8.
O-O-O Bd7 9. f3 h6 10. Be3 h5 11. Kb1 Qc7 12. Bg5 Be7 13. h3 Rc8 14. Be2 Nxd4
15. Qxd4 Qc5 16. Qd2 b5 17. a3 h4 18. Rhe1 Bc6 19. Be3 Qh5 20. Bg5 Qg6 21. e5
dxe5 22. Bd3 Qh5 23. Rxe5 Nd7 24. Be4 O-O 25. Bxc6 Nxe5 26. Bxe7 Nxc6 27. Bxf8
Rxf8 28. Qd6 Nb8 29. Qc7 Qg5 30. b3 f5 31. Ne2 Re8 32. Nf4 e5 33. Nd5 e4 34. f4
Qxg2 35. Ne7+ Kh7 36. Rd8 Qf1+ 37. Kb2 Rxe7 38. Qxe7 Qxf4 39. Qe8 Kh6 40. Rxb8
Qd6 41. Rc8 Qd4+ 42. Ka2 Kg5 43. Qe7+ Qf6 44. Qc5 Qe6 45. Rc6 Qe8 46. Qe3+ Kh5
47. Rc5 g6 48. Qf4 Qe7 49. Rc6 Qe8 50. Rxa6 Qc8 51. Rd6 Qxc2+ 52. Ka1 Qc3+ 53.
Kb1 Qxb3+ 54. Kc1 Qxa3+ 55. Kd2 Qxh3 56. Rd8 Qg2+ 57. Kc1 Qg1+ 58. Kb2 Qg2+ 59.
Kb1 Qg1+ 1/2-1/2

[Event "Sydney International Open"]
[Site "Parramatta, NSW"]
[Date "2009.04.19"]
[Round "9.5"]
[White "Roy Chowdhury, Saptarshi"]
[Black "Xie, George"]
[Result "0-1"]
[WhiteElo "2469"]
[BlackElo "2402"]
[PlyCount "54"]
[EventDate "2009.04.15"]
[EventType "swiss"]
[EventRounds "9"]
[EventCountry "AUS"]
[SourceDate "2009.04.15"]

1. Nf3 Nf6 2. d4 e6 3. Bg5 c5 4. Bxf6 Qxf6 5. e3 Nc6 6. c3 a6 7. Nbd2 d5 8. Bd3
Be7 9. O-O O-O 10. Re1 Qh6 11. Qe2 Rd8 12. a3 Bd7 13. dxc5 Bxc5 14. c4 dxc4 15.
Nxc4 b5 16. Ncd2 Rac8 17. Rac1 Be7 18. Nb3 Qh5 19. Be4 Be8 20. h3 f5 21. Bb1 e5
22. Nc5 Bf7 23. Nxa6 e4 24. Qxb5 exf3 25. Rxc6 fxg2 26. Kh2 Rxc6 27. Qxc6 Rd1
0-1

[Event "Sydney International Open"]
[Site "Parramatta, NSW"]
[Date "2009.04.19"]
[Round "9.9"]
[White "Steadman, Michael"]
[Black "Satyapragyan, Swayangsu"]
[Result "0-1"]
[WhiteElo "2262"]
[BlackElo "2428"]
[PlyCount "58"]
[EventDate "2009.04.15"]
[EventType "swiss"]
[EventRounds "9"]
[EventCountry "AUS"]
[SourceDate "2009.04.15"]

1. d4 Nf6 2. c4 e6 3. Nc3 Bb4 4. Qc2 Nc6 5. Nf3 d6 6. Bg5 h6 7. Bxf6 Qxf6 8. e3
O-O 9. a3 Bxc3+ 10. Qxc3 e5 11. dxe5 dxe5 12. Be2 a5 13. b3 Bg4 14. h3 Bh5 15.
Nh2 Bxe2 16. Kxe2 Qg6 17. Rhg1 Rad8 18. b4 axb4 19. axb4 Rfe8 20. f3 e4 21. f4
Rd3 22. Qb2 Red8 23. Nf1 b5 24. Rc1 Qe6 25. cxb5 Rb3 26. Qa1 Nxb4 27. Nd2 Rxd2+
28. Kxd2 Qd5+ 29. Ke1 Rxe3+ 0-1